000 01043aam a2200265 i 4500
001 768714001
003 CO-MdFUSB
005 20231104120727.0
007 ta
008 230905b ec ||||g |||| 00| 0 spa d
040 _bspa
_aCO-MdFUSB
_cCO-MdFUSB
_dCO-MdFUSBC
_erda
041 _aspa
100 1 _aJuan Pablo II (1920-2005)
_eautor
245 1 3 _aLa misión de la familia cristiana en el mundo actual
_b: Exhortación apóstolica "Familiaris consortio"
_c/ Juan Pablo II
264 1 _aQuito :
_bCentro Saleciano de Pastoral,
_c[Fecha de publicación no identificada]
300 _a190 páginas
_c; 15 cm
336 _atexto
_btxt
_2rdacontent
337 _2rdamedia
_asin mediación
_bn
338 _2rdacarrier
_avolumen
_bnc
505 _aLuces y sombras de la familia en la actualidad -- El designio de Dios sobre el matrimonio y la familia -- Misión de la familia Cristiana -- Pastoral familiar: Tiempos, estructuras, agentes y situaciones
563 _aRústico
650 0 _9292
_aFamilias
942 _cAV
945 _aAF
999 _c43598
_d43598